[Event "African Online-ch U20-Open 2021"]
[Site "Online"]
[Date "2021.02.01"]
[Round "3.12"]
[White "Machinya Desire"]
[Black "Soojay, Jorah"]
[Result "0-1"]
[WhiteElo "1638"]
[BlackElo "1478"]
[Annotator "NA RC"]
[PlyCount "34"]
[EventDate "2021.02.01"]
[EventType "swiss"]
[EventCountry "NET"]
[SourceTitle "playchess.com"]
[Source "ChessBase"]
[SourceQuality "1"]
[TimeControl "1500+10"]

1. e4 {[%emt 0:00:00]} d5 {[%emt 0:00:04]} 2. exd5 {[%emt 0:00:19]} Nf6 {[%emt 0:00:04]} 3. Nf3 {[%emt 0:00:10]} Nxd5 {[%emt 0:00:05]} 4. c3 {[%emt 0:00:03]} Bg4 {[%emt 0:00:04]} 5. d4 {[%emt 0:00:28]} e6 {[%emt 0:00:06]} 6. Nbd2 {[%emt 0:00:10]} Nc6 {[%emt 0:00:04]} 7. Be2 {[%emt 0:00:04]} Bd6 {[%emt 0:00:04]} 8. Ne4 {[%emt 0:00:15]} O-O {[%emt 0:00:21]} 9. Nfg5 {[%emt 0:00:40]} Bxe2 {[%emt 0:00:22]} 10. Qxe2 {[%emt 0:00:03]} h6 {[%emt 0:00:03]} 11. Nf3 {[%emt 0:00:19]} e5 {[%emt 0:00:09]} 12. dxe5 {[%emt 0:00:31]} Nxe5 {[%emt 0:00:04]} 13. O-O {[%emt 0:00:03]} Re8 {[%emt 0:00:30]} 14. Nxe5 {[%emt 0:00:25]} Rxe5 {[%emt 0:00:06]} 15. Qf3 {[%emt 0:00:03]} Qe7 {[%emt 0:00:44]} 16. Nxd6 {[%emt 0:00:12]} cxd6 {[%emt 0:00:09]} 17. Rd1 {[%emt 0:00:17]} Re1+ {[%emt 0:00:06]} 0-1

[Event "African Online-ch U20-Open 2021"]
[Site "Online"]
[Date "2021.02.01"]
[Round "3.13"]
[White "van der Merwe, Alexander"]
[Black "Potgieter, Edward"]
[Result "1-0"]
[WhiteElo "1655"]
[BlackElo "1229"]
[Annotator "NA RC"]
[PlyCount "115"]
[EventDate "2021.02.01"]
[EventType "swiss"]
[EventCountry "NET"]
[SourceTitle "playchess.com"]
[Source "ChessBase"]
[SourceQuality "1"]
[TimeControl "1500+10"]

1. e4 {[%emt 0:00:00]} e5 {[%emt 0:00:04]} 2. Nf3 {[%emt 0:00:04]} Nc6 {[%emt 0:00:02]} 3. Bb5 {[%emt 0:00:02]} a6 {[%emt 0:00:03]} 4. Ba4 {[%emt 0:00:02]} Nf6 {[%emt 0:00:02]} 5. O-O {[%emt 0:00:13]} b5 {[%emt 0:00:04]} 6. Bb3 {[%emt 0:00:03]} Bc5 {[%emt 0:00:02]} 7. c3 {[%emt 0:00:11]} d6 {[%emt 0:00:08]} 8. a4 {[%emt 0:00:05]} Bb7 {[%emt 0:02:02]} 9. d4 {[%emt 0:00:25]} Bb6 {[%emt 0:00:38]} 10. Bg5 {[%emt 0:00:06]} h6 {[%emt 0:01:08]} 11. Bxf6 {[%emt 0:00:05]} Qxf6 {[%emt 0:00:49]} 12. Bd5 {[%emt 0:00:07]} O-O {[%emt 0:00:37]} 13. Na3 {[%emt 0:00:18]} exd4 {[%emt 0:03:18]} 14. cxd4 {[%emt 0:01:07]} b4 {[%emt 0:03:01]} 15. Nc4 {[%emt 0:00:32]} a5 {[%emt 0:02:21]} 16. Rc1 {[%emt 0:02:31]} Nd8 {[%emt 0:01:15]} 17. Nxb6 {[%emt 0:01:44]} cxb6 {[%emt 0:00:20]} 18. Bxb7 {[%emt 0:00:37]} Nxb7 {[%emt 0:00:03]} 19. Rc6 {[%emt 0:02:27]} Qd8 {[%emt 0:00:37]} 20. Qc2 {[%emt 0:00:43]} Rc8 {[%emt 0:00:29]} 21. Rc1 {[%emt 0:00:50]} Rxc6 {[%emt 0:04:48]} 22. Qxc6 {[%emt 0:00:04]} Qb8 {[%emt 0:00:19]} 23. Qxb6 {[%emt 0:03:16]} Rc8 {[%emt 0:00:07]} 24. Rc6 {[%emt 0:01:56]} Rxc6 {[%emt 0:00:49]} 25. Qxc6 {[%emt 0:00:05]} Nd8 {[%emt 0:00:26]} 26. Qe8+ {[%emt 0:01:55]} Kh7 {[%emt 0:00:06]} 27. g3 {[%emt 0:01:30]} Qc7 {[%emt 0:00:57]} 28. d5 {[%emt 0:01:40]} b3 {[%emt 0:00:50]} 29. Kg2 {[%emt 0:01:09]} Nb7 {[%emt 0:00:46]} 30. Qc6 {[%emt 0:00:18]} Qe7 {[%emt 0:01:25]} 31. h3 {[%emt 0:01:54]} Nc5 {[%emt 0:00:47]} 32. e5 {[%emt 0:00:36]} Nd3 {[%emt 0:01:44]} 33. Qc3 {[%emt 0:01:24]} Nc5 {[%emt 0:00:11]} 34. exd6 {[%emt 0:00:47]} Qxd6 {[%emt 0:00:02]} 35. Qd4 {[%emt 0:00:54]} Kg6 {[%emt 0:00:18]} 36. Ne5+ {[%emt 0:00:11]} Kh7 {[%emt 0:00:10]} 37. Nxf7 {[%emt 0:00:09]} Qd7 {[%emt 0:00:05]} 38. Qxc5 {[%emt 0:00:12]} Qxf7 {[%emt 0:00:01]} 39. d6 {[%emt 0:00:06]} Qb7+ {[%emt 0:00:03]} 40. Kh2 {[%emt 0:00:07]} h5 {[%emt 0:00:26]} 41. Qxh5+ {[%emt 0:00:06]} Kg8 {[%emt 0:00:05]} 42. Qf5 {[%emt 0:00:09]} Qb6 {[%emt 0:00:09]} 43. d7 {[%emt 0:00:08]} Kh8 {[%emt 0:00:19]} 44. Qf8+ {[%emt 0:00:08]} Kh7 {[%emt 0:00:05]} 45. d8=Q {[%emt 0:00:06]} Qe6 {[%emt 0:00:13]} 46. Qh8+ {[%emt 0:00:14]} Kg6 {[%emt 0:00:02]} 47. Qde8+ {[%emt 0:00:02]} Qxe8 {[%emt 0:00:07]} 48. Qxe8+ {[%emt 0:00:02]} Kh6 {[%emt 0:00:02]} 49. Qb5 {[%emt 0:00:04]} g5 {[%emt 0:00:02]} 50. Qxa5 {[%emt 0:00:02]} g4 {[%emt 0:00:02]} 51. Qb5 {[%emt 0:00:04]} gxh3 {[%emt 0:00:04]} 52. a5 {[%emt 0:00:02]} Kg7 {[%emt 0:00:03]} 53. a6 {[%emt 0:00:02]} Kf7 {[%emt 0:00:01]} 54. a7 {[%emt 0:00:02]} Ke7 {[%emt 0:00:01]} 55. a8=Q {[%emt 0:00:06]} Kf6 {[%emt 0:00:01]} 56. Qaa6+ {[%emt 0:00:03]} Ke7 {[%emt 0:00:04]} 57. Qbb7+ {[%emt 0:00:02]} Kd8 {[%emt 0:00:01]} 58. Qaa8# {[%emt 0:00:02]} 1-0

[Event "African Online-ch U20-Open 2021"]
[Site "Online"]
[Date "2021.02.01"]
[Round "3.14"]
[White "Fourie, Brandon"]
[Black "Lion, Pierre"]
[Result "0-1"]
[WhiteElo "1583"]
[BlackElo "1586"]
[Annotator "NA RC"]
[PlyCount "26"]
[EventDate "2021.02.01"]
[EventType "swiss"]
[EventCountry "NET"]
[SourceTitle "playchess.com"]
[Source "ChessBase"]
[SourceQuality "1"]
[TimeControl "1500+10"]

1. e4 {[%emt 0:00:00]} c5 {[%emt 0:00:04]} 2. Nf3 {[%emt 0:00:09]} e6 {[%emt 0:00:02]} 3. d4 {[%emt 0:00:12]} cxd4 {[%emt 0:00:02]} 4. Nxd4 {[%emt 0:00:03]} Nc6 {[%emt 0:00:02]} 5. Nc3 {[%emt 0:00:03]} Qc7 {[%emt 0:00:04]} 6. Nxc6 {[%emt 0:00:09]} bxc6 {[%emt 0:00:05]} 7. Bd3 {[%emt 0:00:08]} Nf6 {[%emt 0:00:13]} 8. O-O {[%emt 0:00:11]} d5 {[%emt 0:00:56]} 9. exd5 {[%emt 0:01:52]} cxd5 {[%emt 0:00:24]} 10. Nb5 {[%emt 0:00:12]} Qb8 {[%emt 0:00:19]} 11. Qf3 {[%emt 0:05:02]} Be7 {[%emt 0:00:27]} 12. Re1 {[%emt 0:00:58]} O-O {[%emt 0:01:04]} 13. Bf4 {[%emt 0:00:31]} Qb6 {[%emt 0:00:04]} 0-1

[Event "African Online-ch U20-Open 2021"]
[Site "Online"]
[Date "2021.02.01"]
[Round "3.16"]
[White "Palmer, Reegan"]
[Black "Pungo, Honorato"]
[Result "0-1"]
[WhiteElo "1325"]
[BlackElo "1550"]
[Annotator "NA RC"]
[PlyCount "62"]
[EventDate "2021.02.01"]
[EventType "swiss"]
[EventCountry "NET"]
[SourceTitle "playchess.com"]
[Source "ChessBase"]
[SourceQuality "1"]
[TimeControl "1500+10"]

1. e4 {[%emt 0:00:00]} c5 {[%emt 0:00:11]} 2. Nc3 {[%emt 0:00:03]} g6 {[%emt 0:00:11]} 3. f4 {[%emt 0:00:02]} Bg7 {[%emt 0:00:03]} 4. Nf3 {[%emt 0:00:02]} e6 {[%emt 0:00:02]} 5. Bc4 {[%emt 0:00:13]} Ne7 {[%emt 0:00:07]} 6. d3 {[%emt 0:00:02]} a6 {[%emt 0:00:06]} 7. O-O {[%emt 0:00:04]} O-O {[%emt 0:00:09]} 8. Qe1 {[%emt 0:00:05]} Nbc6 {[%emt 0:00:07]} 9. Qh4 {[%emt 0:00:05]} d5 {[%emt 0:00:43]} 10. Bb3 {[%emt 0:00:07]} b5 {[%emt 0:00:07]} 11. a3 {[%emt 0:01:29]} Bb7 {[%emt 0:00:38]} 12. Ng5 {[%emt 0:00:22]} h6 {[%emt 0:00:09]} 13. Nf3 {[%emt 0:00:01]} dxe4 {[%emt 0:00:26]} 14. Nxe4 {[%emt 0:00:06]} Nd4 {[%emt 0:02:25]} 15. Nfd2 {[%emt 0:03:17]} Nxb3 {[%emt 0:01:57]} 16. Nxb3 {[%emt 0:00:13]} c4 {[%emt 0:01:03]} 17. Nbc5 {[%emt 0:02:08]} Bxe4 {[%emt 0:00:36]} 18. Nxe4 {[%emt 0:00:31]} cxd3 {[%emt 0:00:15]} 19. Rd1 {[%emt 0:00:49]} Qb6+ {[%emt 0:01:16]} 20. Kh1 {[%emt 0:00:57]} Nf5 {[%emt 0:00:22]} 21. Qh3 {[%emt 0:01:23]} dxc2 {[%emt 0:00:20]} 22. Re1 {[%emt 0:00:01]} Rfd8 {[%emt 0:00:29]} 23. Bd2 {[%emt 0:00:25]} Rac8 {[%emt 0:01:28]} 24. g4 {[%emt 0:00:16]} Qb7 {[%emt 0:01:49]} 25. Qg2 {[%emt 0:01:08]} Nd6 {[%emt 0:00:36]} 26. Ba5 {[%emt 0:00:11]} Rd7 {[%emt 0:02:37]} 27. Nxd6 {[%emt 0:00:17]} Qxg2+ {[%emt 0:00:06]} 28. Kxg2 {[%emt 0:00:03]} Rxd6 {[%emt 0:00:02]} 29. Bb4 {[%emt 0:00:14]} Rd3 {[%emt 0:00:10]} 30. Kf2 {[%emt 0:00:17]} Bxb2 {[%emt 0:00:07]} 31. Ke2 {[%emt 0:00:02]} Rd4 {[%emt 0:00:13]} 0-1

[Event "African Online-ch U20-Open 2021"]
[Site "Online"]
[Date "2021.02.01"]
[Round "3.17"]
[White "Dutt Dakshesh"]
[Black "Spink, Benjamin M"]
[Result "0-1"]
[WhiteElo "1549"]
[BlackElo "2110"]
[Annotator "RC"]
[PlyCount "144"]
[EventDate "2021.02.01"]
[EventType "swiss"]
[EventCountry "NET"]
[SourceTitle "playchess.com"]
[Source "ChessBase"]
[SourceQuality "1"]
[TimeControl "1500+10"]

1. e4 {[%emt 0:00:00]} c5 {[%emt 0:00:04]} 2. Nf3 {[%emt 0:00:05]} Nc6 {[%emt 0:00:03]} 3. d4 {[%emt 0:00:03]} cxd4 {[%emt 0:00:02]} 4. Nxd4 {[%emt 0:00:03]} Nf6 {[%emt 0:00:02]} 5. Nc3 {[%emt 0:00:05]} e5 {[%emt 0:00:02]} 6. Nf3 {[%emt 0:00:04]} Bb4 {[%emt 0:00:04]} 7. Bd3 {[%emt 0:00:11]} d5 {[%emt 0:00:04]} 8. exd5 {[%emt 0:00:13]} Nxd5 {[%emt 0:00:04]} 9. Bd2 {[%emt 0:01:01]} Nxc3 {[%emt 0:00:39]} 10. Bxc3 {[%emt 0:00:36]} Bxc3+ {[%emt 0:00:03]} 11. bxc3 {[%emt 0:00:02]} O-O {[%emt 0:00:03]} 12. O-O {[%emt 0:00:04]} Be6 {[%emt 0:00:50]} 13. Re1 {[%emt 0:00:56]} Qc7 {[%emt 0:00:17]} 14. Qe2 {[%emt 0:00:58]} Bg4 {[%emt 0:01:38]} 15. h3 {[%emt 0:00:58]} Bh5 {[%emt 0:00:07]} 16. Qe3 {[%emt 0:00:20]} Rae8 {[%emt 0:01:56]} 17. Be4 {[%emt 0:03:36]} f6 {[%emt 0:04:05]} 18. Rab1 {[%emt 0:01:33]} Bf7 {[%emt 0:01:23]} 19. a3 {[%emt 0:01:15]} b6 {[%emt 0:00:47]} 20. Nh4 {[%emt 0:02:04]} g6 {[%emt 0:01:03]} 21. Qf3 {[%emt 0:00:22]} f5 {[%emt 0:00:47]} 22. Bxc6 {[%emt 0:00:54]} e4 {[%emt 0:00:04]} 23. Bxe4 {[%emt 0:00:26]} fxe4 {[%emt 0:00:06]} 24. Qg4 {[%emt 0:01:17]} Qxc3 {[%emt 0:01:05]} 25. Rxe4 {[%emt 0:01:26]} Qxc2 {[%emt 0:00:14]} 26. Reb4 {[%emt 0:00:25]} Bd5 {[%emt 0:01:43]} 27. Qd7 {[%emt 0:01:37]} Qxf2+ {[%emt 0:01:32]} 28. Kh1 {[%emt 0:00:09]} Re1+ {[%emt 0:00:48]} 29. Rxe1 {[%emt 0:00:21]} Qxe1+ {[%emt 0:00:03]} 30. Kh2 {[%emt 0:00:02]} Qe5+ {[%emt 0:00:05]} 31. Kg1 {[%emt 0:00:26]} Rf7 {[%emt 0:01:18]} 32. Qg4 {[%emt 0:00:55]} Be6 {[%emt 0:04:16]} 33. Qe4 {[%emt 0:01:22]} Qxe4 {[%emt 0:00:28]} 34. Rxe4 {[%emt 0:00:04]} Bd5 {[%emt 0:00:32]} 35. Re5 {[%emt 0:00:30]} Bb7 {[%emt 0:00:17]} 36. g4 {[%emt 0:00:10]} Kf8 {[%emt 0:01:16]} 37. Re3 {[%emt 0:00:13]} Kg7 {[%emt 0:01:20]} 38. Kh2 {[%emt 0:00:07]} Rf2+ {[%emt 0:01:18]} 39. Kg3 {[%emt 0:00:04]} Rf7 {[%emt 0:00:08]} 40. Rc3 {[%emt 0:00:09]} Kf8 {[%emt 0:00:41]} 41. Rd3 {[%emt 0:00:04]} Ke7 {[%emt 0:00:13]} 42. Rc3 {[%emt 0:00:02]} Kd6 {[%emt 0:00:05]} 43. Rd3+ {[%emt 0:00:03]} Kc5 {[%emt 0:00:04]} 44. Re3 {[%emt 0:00:16]} Kd4 {[%emt 0:00:09]} 45. Re8 {[%emt 0:00:12]} Kc4 {[%emt 0:00:14]} 46. Re1 {[%emt 0:00:25]} Rd7 {[%emt 0:00:21]} 47. Ng2 {[%emt 0:00:41]} Bxg2 {[%emt 0:00:03]} 48. Kxg2 {[%emt 0:00:03]} a5 {[%emt 0:00:06]} 49. Re4+ {[%emt 0:00:07]} Kd3 {[%emt 0:00:13]} 50. Re6 {[%emt 0:00:17]} b5 {[%emt 0:00:04]} 51. Rb6 {[%emt 0:00:05]} Kc4 {[%emt 0:00:02]} 52. Rc6+ {[%emt 0:00:05]} Kb3 {[%emt 0:00:03]} 53. Rb6 {[%emt 0:00:04]} b4 {[%emt 0:00:08]} 54. axb4 {[%emt 0:00:02]} axb4 {[%emt 0:00:02]} 55. Kf2 {[%emt 0:00:04]} Kc3 {[%emt 0:00:04]} 56. Rc6+ {[%emt 0:00:04]} Kb2 {[%emt 0:00:02]} 57. Rb6 {[%emt 0:00:03]} b3 {[%emt 0:00:02]} 58. Ke2 {[%emt 0:00:03]} Kc2 {[%emt 0:00:05]} 59. Rc6+ {[%emt 0:00:03]} Kb1 {[%emt 0:00:01]} 60. Rb6 {[%emt 0:00:02]} b2 {[%emt 0:00:02]} 61. Ke1 {[%emt 0:00:06]} Rd5 {[%emt 0:00:29]} 62. Rc6 {[%emt 0:00:42]} Ka2 {[%emt 0:00:04]} 63. Rc2 {[%emt 0:00:04]} Kb3 {[%emt 0:00:05]} 64. Rc6 {[%emt 0:00:11]} b1=Q+ {[%emt 0:00:04]} 65. Kf2 {[%emt 0:00:03]} Qb2+ {[%emt 0:00:20]} 66. Kg3 {[%emt 0:00:05]} Qc3+ {[%emt 0:00:04]} 67. Kh4 {[%emt 0:00:02]} Qxc6 {[%emt 0:00:06]} 68. Kg3 {[%emt 0:00:12]} Qc3+ {[%emt 0:00:03]} 69. Kh4 {[%emt 0:00:03]} Qf6+ {[%emt 0:00:03]} 70. Kg3 {[%emt 0:00:02]} Rd3+ {[%emt 0:00:03]} 71. Kg2 {[%emt 0:00:03]} Qb2+ {[%emt 0:00:02]} 72. Kf1 {[%emt 0:00:03]} Rd1# {[%emt 0:00:03]} 0-1

[Event "African Online-ch U20-Open 2021"]
[Site "Online"]
[Date "2021.02.01"]
[Round "3.18"]
[White "Darius Patlo Banda"]
[Black "Wael, Abdel Rahman"]
[Result "1-0"]
[WhiteElo "1369"]
[BlackElo "1570"]
[Annotator "NA RC"]
[PlyCount "75"]
[EventDate "2021.02.01"]
[EventType "swiss"]
[EventCountry "NET"]
[SourceTitle "playchess.com"]
[Source "ChessBase"]
[SourceQuality "1"]
[TimeControl "1500+10"]

1. d4 {[%emt 0:00:05]} d5 {[%emt 0:01:21]} 2. c4 {[%emt 0:00:04]} e6 {[%emt 0:00:04]} 3. Nc3 {[%emt 0:00:05]} Nf6 {[%emt 0:00:04]} 4. cxd5 {[%emt 0:00:07]} exd5 {[%emt 0:00:19]} 5. Bg5 {[%emt 0:00:05]} Be7 {[%emt 0:00:22]} 6. Nf3 {[%emt 0:00:07]} h6 {[%emt 0:00:36]} 7. Bh4 {[%emt 0:00:16]} O-O {[%emt 0:00:57]} 8. e3 {[%emt 0:00:07]} Nbd7 {[%emt 0:00:08]} 9. Bd3 {[%emt 0:00:09]} b6 {[%emt 0:00:08]} 10. O-O {[%emt 0:00:45]} Bb7 {[%emt 0:00:07]} 11. Qc2 {[%emt 0:00:11]} c5 {[%emt 0:01:19]} 12. b3 {[%emt 0:01:33]} a6 {[%emt 0:00:56]} 13. a4 {[%emt 0:00:42]} Rc8 {[%emt 0:00:16]} 14. dxc5 {[%emt 0:02:11]} Nxc5 {[%emt 0:00:24]} 15. Nd4 {[%emt 0:00:27]} g5 {[%emt 0:01:32]} 16. Bg3 {[%emt 0:00:17]} Nce4 {[%emt 0:00:15]} 17. Nde2 {[%emt 0:00:53]} Bb4 {[%emt 0:00:15]} 18. Be5 {[%emt 0:00:34]} Bxc3 {[%emt 0:02:59]} 19. Nxc3 {[%emt 0:01:19]} Nxc3 {[%emt 0:01:22]} 20. Bxc3 {[%emt 0:00:06]} d4 {[%emt 0:00:37]} 21. exd4 {[%emt 0:00:12]} Qd5 {[%emt 0:00:05]} 22. f3 {[%emt 0:00:35]} g4 {[%emt 0:01:34]} 23. Bc4 {[%emt 0:00:33]} Qg5 {[%emt 0:00:39]} 24. f4 {[%emt 0:01:55]} Qh5 {[%emt 0:01:16]} 25. Rae1 {[%emt 0:00:32]} Rfe8 {[%emt 0:01:03]} 26. Re5 {[%emt 0:00:24]} Rxe5 {[%emt 0:02:58]} 27. fxe5 {[%emt 0:00:13]} Rxc4 {[%emt 0:00:06]} 28. bxc4 {[%emt 0:00:57]} g3 {[%emt 0:01:17]} 29. h3 {[%emt 0:01:10]} Ne4 {[%emt 0:00:16]} 30. d5 {[%emt 0:00:18]} Nf2 {[%emt 0:00:42]} 31. Be1 {[%emt 0:01:01]} Nd1 {[%emt 0:03:08]} 32. Bd2 {[%emt 0:01:13]} Nf2 {[%emt 0:00:14]} 33. Be3 {[%emt 0:00:08]} Nxh3+ {[%emt 0:01:41]} 34. gxh3 {[%emt 0:00:06]} Qxe5 {[%emt 0:00:07]} 35. Bxb6 {[%emt 0:00:50]} Qh5 {[%emt 0:00:12]} 36. Qf5 {[%emt 0:00:20]} Qe2 {[%emt 0:01:03]} 37. Qxf7+ {[%emt 0:00:08]} Kh8 {[%emt 0:00:04]} 38. Bd4+ {[%emt 0:00:05]} 1-0

[Event "African Online-ch U20-Open 2021"]
[Site "Online"]
[Date "2021.02.01"]
[Round "3.19"]
[White "Tong, William M"]
[Black "Barrani, Adem"]
[Result "0-1"]
[WhiteElo "1985"]
[BlackElo "1396"]
[Annotator "RC"]
[PlyCount "166"]
[EventDate "2021.02.01"]
[EventType "swiss"]
[EventCountry "NET"]
[SourceTitle "playchess.com"]
[Source "ChessBase"]
[SourceQuality "1"]
[TimeControl "1500+10"]

1. e4 {[%emt 0:00:00]} d6 {[%emt 0:00:04]} 2. d4 {[%emt 0:00:09]} Nf6 {[%emt 0:00:03]} 3. Nc3 {[%emt 0:00:19]} g6 {[%emt 0:00:02]} 4. Be2 {[%emt 0:00:55]} Bg7 {[%emt 0:00:03]} 5. Be3 {[%emt 0:00:13]} O-O {[%emt 0:00:18]} 6. Nf3 {[%emt 0:00:06]} c6 {[%emt 0:00:08]} 7. O-O {[%emt 0:00:14]} b5 {[%emt 0:00:02]} 8. a3 {[%emt 0:02:36]} Nbd7 {[%emt 0:00:04]} 9. h3 {[%emt 0:00:43]} a6 {[%emt 0:00:07]} 10. Qd2 {[%emt 0:00:40]} c5 {[%emt 0:00:44]} 11. dxc5 {[%emt 0:03:40]} dxc5 {[%emt 0:00:35]} 12. e5 {[%emt 0:02:26]} Ne8 {[%emt 0:00:40]} 13. Bh6 {[%emt 0:01:33]} Bb7 {[%emt 0:00:34]} 14. Bxg7 {[%emt 0:00:21]} Nxg7 {[%emt 0:00:09]} 15. Rad1 {[%emt 0:00:38]} Nb6 {[%emt 0:01:30]} 16. Qxd8 {[%emt 0:01:07]} Raxd8 {[%emt 0:00:02]} 17. b3 {[%emt 0:00:01]} Ne6 {[%emt 0:00:46]} 18. Rfe1 {[%emt 0:11:52]} b4 {[%emt 0:00:13]} 19. axb4 {[%emt 0:00:07]} cxb4 {[%emt 0:00:03]} 20. Na4 {[%emt 0:00:09]} Nxa4 {[%emt 0:00:26]} 21. bxa4 {[%emt 0:00:03]} a5 {[%emt 0:00:05]} 22. Rxd8 {[%emt 0:00:24]} Rxd8 {[%emt 0:00:02]} 23. Bb5 {[%emt 0:00:04]} Bxf3 {[%emt 0:00:10]} 24. gxf3 {[%emt 0:00:04]} Nd4 {[%emt 0:00:01]} 25. Rf1 {[%emt 0:00:07]} Nxf3+ {[%emt 0:00:06]} 26. Kg2 {[%emt 0:00:02]} Nxe5 {[%emt 0:00:03]} 27. Re1 {[%emt 0:00:07]} f6 {[%emt 0:00:49]} 28. Rc1 {[%emt 0:00:35]} Rc8 {[%emt 0:00:26]} 29. Kf1 {[%emt 0:00:17]} b3 {[%emt 0:00:03]} 30. c4 {[%emt 0:00:06]} b2 {[%emt 0:01:35]} 31. Rb1 {[%emt 0:00:09]} Nxc4 {[%emt 0:00:02]} 32. Bxc4+ {[%emt 0:00:18]} Rxc4 {[%emt 0:00:03]} 33. Rxb2 {[%emt 0:00:02]} Rxa4 {[%emt 0:00:02]} 34. Rb7 {[%emt 0:00:15]} Kf7 {[%emt 0:00:04]} 35. Ke2 {[%emt 0:00:08]} Ra3 {[%emt 0:00:12]} 36. f3 {[%emt 0:00:05]} a4 {[%emt 0:00:04]} 37. Ra7 {[%emt 0:00:04]} Ra2+ {[%emt 0:00:07]} 38. Ke3 {[%emt 0:00:06]} a3 {[%emt 0:00:02]} 39. Kf4 {[%emt 0:00:11]} Ra1 {[%emt 0:00:07]} 40. h4 {[%emt 0:00:05]} h6 {[%emt 0:00:05]} 41. Kg3 {[%emt 0:00:16]} a2 {[%emt 0:00:03]} 42. Kg2 {[%emt 0:00:08]} Ke6 {[%emt 0:00:43]} 43. Ra6+ {[%emt 0:00:03]} Kf5 {[%emt 0:00:02]} 44. Ra5+ {[%emt 0:00:15]} e5 {[%emt 0:00:04]} 45. Ra4 {[%emt 0:00:09]} g5 {[%emt 0:00:25]} 46. h5 {[%emt 0:00:20]} Rd1 {[%emt 0:01:45]} 47. Rxa2 {[%emt 0:00:07]} Rd4 {[%emt 0:00:05]} 48. Ra8 {[%emt 0:00:27]} Rh4 {[%emt 0:00:04]} 49. Rh8 {[%emt 0:00:04]} Rxh5 {[%emt 0:00:02]} 50. Rh7 {[%emt 0:00:02]} Kg6 {[%emt 0:00:03]} 51. Re7 {[%emt 0:00:05]} Rh4 {[%emt 0:00:03]} 52. Re6 {[%emt 0:00:06]} Rb4 {[%emt 0:00:10]} 53. Rc6 {[%emt 0:00:04]} h5 {[%emt 0:00:03]} 54. Rc2 {[%emt 0:00:11]} Rb3 {[%emt 0:00:07]} 55. Rd2 {[%emt 0:00:07]} Kf5 {[%emt 0:00:11]} 56. Re2 {[%emt 0:00:12]} g4 {[%emt 0:00:11]} 57. fxg4+ {[%emt 0:00:05]} hxg4 {[%emt 0:00:05]} 58. Rf2+ {[%emt 0:00:02]} Kg5 {[%emt 0:00:10]} 59. Re2 {[%emt 0:00:05]} Kf4 {[%emt 0:00:07]} 60. Rf2+ {[%emt 0:00:02]} Rf3 {[%emt 0:00:03]} 61. Ra2 {[%emt 0:00:12]} e4 {[%emt 0:00:11]} 62. Ra6 {[%emt 0:00:08]} f5 {[%emt 0:00:02]} 63. Ra5 {[%emt 0:00:12]} g3 {[%emt 0:00:07]} 64. Ra2 {[%emt 0:00:20]} Rf2+ {[%emt 0:00:10]} 65. Rxf2+ {[%emt 0:00:03]} gxf2 {[%emt 0:00:01]} 66. Kxf2 {[%emt 0:00:02]} e3+ {[%emt 0:00:02]} 67. Kf1 {[%emt 0:00:02]} Kf3 {[%emt 0:00:03]} 68. Ke1 {[%emt 0:00:03]} e2 {[%emt 0:00:03]} 69. Kd2 {[%emt 0:00:02]} Kf2 {[%emt 0:00:01]} 70. Kc3 {[%emt 0:00:02]} e1=Q+ {[%emt 0:00:03]} 71. Kd4 {[%emt 0:00:02]} Qe4+ {[%emt 0:00:04]} 72. Kc5 {[%emt 0:00:02]} Qd3 {[%emt 0:00:02]} 73. Kc6 {[%emt 0:00:03]} Ke3 {[%emt 0:00:02]} 74. Kc5 {[%emt 0:00:03]} Qd4+ {[%emt 0:00:03]} 75. Kc6 {[%emt 0:00:02]} Ke4 {[%emt 0:00:04]} 76. Kc7 {[%emt 0:00:04]} Ke5 {[%emt 0:00:02]} 77. Kc6 {[%emt 0:00:01]} Qd6+ {[%emt 0:00:04]} 78. Kb5 {[%emt 0:00:06]} Qc7 {[%emt 0:00:03]} 79. Kb4 {[%emt 0:00:09]} Kd5 {[%emt 0:00:02]} 80. Kb3 {[%emt 0:00:05]} Kd4 {[%emt 0:00:01]} 81. Ka4 {[%emt 0:00:04]} Qb6 {[%emt 0:00:03]} 82. Ka3 {[%emt 0:00:05]} Kc3 {[%emt 0:00:03]} 83. Ka2 {[%emt 0:00:05]} Qb2# {[%emt 0:00:02]} 0-1